000
00256nam a22001217a 4500
008
170824b xxu||||| |||| 00| 0 eng d
041
_a
eng
080
_a
51
100
_a
38
101
_a
MAT
245
_a
PRECALCULUS
_c
HUNGERFORD,TH
942
_2
udc
_c
BK
999
_c
24928
_d
24928